[Event "Campeonato de Aragon por Equipos 2025 - "]
[Site "?"]
[Date "2025.02.22"]
[Round "5.57"]
[White "Bailo Remacha, Santiago"]
[Black "Martinez Sanz, Pablo"]
[Result "1-0"]
[WhiteElo "1919"]
[BlackElo "1784"]
[PlyCount "65"]
[GameId "2148900720841132"]
[EventDate "2025.01.25"]
[WhiteTeam "El Olivar B"]
[BlackTeam "Iberajedrez Mundo 64 C"]

1. c4 e6 2. Nc3 d5 3. cxd5 exd5 4. d4 Nf6 5. g3 Be6 6. Bg2 Be7 7. Qb3 b6 8. Nf3 O-O 9. Ng5 Nc6 10. Nxe6 fxe6 11. Qa4 Qd7 12. O-O a6 13. e4 b5 14. Qd1 dxe4 15. Nxe4 Rad8 16. Be3 Nxd4 17. Rc1 Nxe4 18. Bxe4 Bf6 19. Qh5 g6 20. Qg4 Qe7 21. h4 e5 22. h5 g5 23. h6 Rd6 24. Kg2 Kh8 25. Rh1 Qe6 26. Qh5 Qe7 27. Rc3 b4 28. Rc4 b3 29. axb3 Nxb3 30. Rc3 Rb8 31. Ba7 Rb5 32. Rxc7 Qf8 33. Rxh7+ 1-0

[Event "Campeonato de Aragon por Equipos 2025 - "]
[Site "?"]
[Date "2025.02.22"]
[Round "5.58"]
[White "Palacio Lalaguna, Jorge"]
[Black "Arinez Bruna, Octavio"]
[Result "0-1"]
[WhiteElo "1723"]
[BlackElo "1914"]
[PlyCount "124"]
[GameId "2148900720877997"]
[EventDate "2025.01.25"]
[WhiteTeam "Iberajedrez Mundo 64 C"]
[BlackTeam "El Olivar B"]

1. d4 Nf6 2. Nf3 e6 3. Bf4 c5 4. e3 d5 5. c3 Bd6 6. Bg3 O-O 7. Nbd2 b6 8. Be2 Bb7 9. O-O Bxg3 10. hxg3 Nbd7 11. Qc2 Rc8 12. Rad1 Qc7 13. Qb1 h6 14. Bd3 e5 15. dxe5 Nxe5 16. Bf5 Rcd8 17. Nxe5 Qxe5 18. Nf3 Qe7 19. Rfe1 Rfe8 20. Kf1 Bc6 21. Bd3 Qb7 22. Be2 Ne4 23. Qd3 Qe7 24. Qc2 Qf6 25. a4 g5 26. Bb5 Bxb5+ 27. axb5 g4 28. Nh2 h5 29. Kg1 Qf5 30. Re2 Qe6 31. Rde1 Re7 32. Nf1 Qd7 33. Qa4 Nd6 34. Qf4 Qf5 35. Qxf5 Nxf5 36. e4 Rde8 37. f3 dxe4 38. fxe4 Nd6 39. Nd2 Nxb5 40. Nc4 Re6 41. Kf2 Kg7 42. Kf1 Nd6 43. Nxd6 Rxd6 44. Ra1 a5 45. Kf2 Rde6 46. Ra4 f5 47. b4 axb4 48. cxb4 Rxe4 49. Ra7+ Kg6 50. Rxe4 Rxe4 51. bxc5 bxc5 52. Rc7 c4 53. Rc6+ Kg5 54. Rc5 Kf6 55. Rc6+ Ke5 56. Rc5+ Kd4 57. Rxf5 c3 58. Rxh5 c2 59. Ra5 c1=Q 60. Rd5+ Kc3 61. Rd3+ Kb2 62. Rb3+ Ka2 0-1

[Event "Campeonato de Aragon por Equipos 2025 - "]
[Site "?"]
[Date "2025.02.22"]
[Round "5.59"]
[White "Anson Casaos, Alejandro"]
[Black "San Lazaro Lorente, David"]
[Result "1-0"]
[WhiteElo "1907"]
[BlackElo "1825"]
[PlyCount "77"]
[GameId "2148900720927150"]
[EventDate "2025.01.25"]
[WhiteTeam "Helios B"]
[BlackTeam "Tauste"]

1. e4 e6 2. d4 d5 3. Nd2 Nf6 4. e5 Nfd7 5. c3 c5 6. Bd3 Nc6 7. Ne2 cxd4 8. cxd4 f6 9. exf6 Nxf6 10. O-O Bd6 11. Nf3 O-O 12. Bf4 Bxf4 13. Nxf4 Ng4 14. Nh5 e5 15. dxe5 Ngxe5 16. Nxe5 Nxe5 17. Ng3 Nxd3 18. Qxd3 Be6 19. Rad1 Qb6 20. Qd4 Qxd4 21. Rxd4 Rac8 22. Rd2 Rfd8 23. Re1 Kf7 24. f4 d4 25. b3 g6 26. Ne4 h6 27. Nf2 Bf5 28. g4 Rc2 29. Red1 Rxd2 30. Rxd2 Bc8 31. Nd3 Ke6 32. Kf2 Kd5 33. Ne5 Re8 34. h3 g5 35. Nf3 Re4 36. fxg5 hxg5 37. Nxg5 Rf4+ 38. Kg3 Ke5 39. Nf3+ 1-0

[Event "Campeonato de Aragon por Equipos 2025 - "]
[Site "?"]
[Date "2025.02.22"]
[Round "5.60"]
[White "Solanas Esteban, Hector"]
[Black "Torcal Miguel, Paula"]
[Result "1-0"]
[WhiteElo "1793"]
[BlackElo "1730"]
[PlyCount "53"]
[GameId "2148900720964015"]
[EventDate "2025.01.25"]
[WhiteTeam "Tauste"]
[BlackTeam "Helios B"]

1. d4 Nf6 2. c4 g6 3. Nc3 d5 4. cxd5 Nxd5 5. e4 Nxc3 6. bxc3 Bg7 7. Bc4 c5 8. Ne2 b6 9. Bd5 cxd4 10. Bxa8 d3 11. Nd4 Bxd4 12. Qa4+ Bd7 13. Qxd4 Rg8 14. Qxd3 e6 15. Ba3 Qc8 16. e5 Na6 17. Bf3 Nc5 18. Bxc5 Qxc5 19. Rd1 Qxe5+ 20. Be2 Qc7 21. O-O Ke7 22. Qg3 Qc5 23. Rd2 Rd8 24. Rfd1 Ke8 25. Qf3 Qc7 26. Qf6 h5 27. Bb5 1-0

[Event "Campeonato de Aragon por Equipos 2025 - "]
[Site "?"]
[Date "2025.02.22"]
[Round "5.61"]
[White "Torcal Andolz, Alfonso"]
[Black "Liarte Marinoso, Aaron"]
[Result "0-1"]
[WhiteElo "1684"]
[BlackElo "1776"]
[PlyCount "40"]
[GameId "2148900721004976"]
[EventDate "2025.01.25"]
[WhiteTeam "Helios B"]
[BlackTeam "Tauste"]

1. c4 e5 2. Nc3 Nf6 3. Nf3 Nc6 4. g3 Bc5 5. Bg2 d6 6. O-O Bg4 7. h3 Bxf3 8. Bxf3 Qd7 9. Bg2 h5 10. Na4 h4 11. Nxc5 dxc5 12. e3 hxg3 13. fxg3 e4 14. Rf4 O-O-O 15. Qf1 Ne5 16. g4 Ng6 17. Bxe4 Nxf4 18. Qxf4 Nxe4 19. Qxe4 Rxh3 20. b3 Rg3+ 0-1

[Event "Campeonato de Aragon por Equipos 2025 - "]
[Site "?"]
[Date "2025.02.22"]
[Round "5.62"]
[White "Cuartero Sancho, Argimiro"]
[Black "Aguilar Bobadilla, Africa"]
[Result "1-0"]
[WhiteElo "1710"]
[BlackElo "1626"]
[PlyCount "77"]
[GameId "2148900721045937"]
[EventDate "2025.01.25"]
[WhiteTeam "Tauste"]
[BlackTeam "Helios B"]

1. e4 c5 2. Nc3 d6 3. f4 Nc6 4. Nf3 Nf6 5. Bc4 a6 6. a4 e6 7. d3 g6 8. O-O Bg7 9. Qe1 O-O 10. Qh4 h5 11. f5 exf5 12. Bg5 fxe4 13. Nxe4 d5 14. Nxf6+ Bxf6 15. Bxf6 Qd7 16. Qg5 Qf5 17. Qxf5 Bxf5 18. Bxd5 Rfe8 19. Bxc6 bxc6 20. Rae1 c4 21. Rxe8+ Rxe8 22. Re1 Rxe1+ 23. Nxe1 cxd3 24. Nxd3 Kf8 25. Kf2 Ke8 26. Ke3 Kd7 27. c3 Be6 28. Nc5+ Kd6 29. Nxe6 Kxe6 30. Bh4 Kd5 31. b4 Kc4 32. Be1 c5 33. Ke4 cxb4 34. cxb4 f6 35. h4 g5 36. Kf5 gxh4 37. Kxf6 h3 38. gxh3 Kd5 39. Kg5 1-0

[Event "Campeonato de Aragon por Equipos 2025 - "]
[Site "?"]
[Date "2025.02.22"]
[Round "5.63"]
[White "Miranda Herrera, Belen"]
[Black "Muro Guerrero, Miguel"]
[Result "1-0"]
[WhiteElo "2051"]
[BlackElo "2056"]
[PlyCount "89"]
[GameId "2148900721111474"]
[EventDate "2025.01.25"]
[WhiteTeam "MyInvestor Casablanca C"]
[BlackTeam "Dr. Azua"]

1. e4 e5 2. Nf3 Nc6 3. Bb5 a6 4. Ba4 Nf6 5. O-O Be7 6. Re1 b5 7. Bb3 O-O 8. d3 d6 9. c3 h6 10. Nbd2 Re8 11. Nf1 Bf8 12. Ng3 g6 13. a4 Bb7 14. h4 Na5 15. Ba2 c5 16. h5 c4 17. hxg6 fxg6 18. b4 cxb3 19. Bxb3+ Kh7 20. Ba2 Qc7 21. Nh4 Bc8 22. Bd2 Nc6 23. axb5 Nd8 24. Bc4 a5 25. Qf3 Qe7 26. Nxg6 Kxg6 27. Nf5 Bxf5 28. exf5+ Kh7 29. Qxa8 Nb7 30. Qa7 d5 31. Bb3 Qg7 32. Qe3 Qd7 33. Qf3 e4 34. dxe4 dxe4 35. Qf4 Nc5 36. Bc2 Nd5 37. Qg4 Ne7 38. Be3 Nd3 39. Bxd3 exd3 40. Rxa5 Nxf5 41. b6 Rxe3 42. fxe3 d2 43. Rd1 Kh8 44. Qxf5 Qc6 45. Qxf8+ 1-0

[Event "Campeonato de Aragon por Equipos 2025 - "]
[Site "?"]
[Date "2025.02.22"]
[Round "5.64"]
[White "Garcia Garcia, Enrique"]
[Black "Cebollada Pacheco, Jesus Raul"]
[Result "0-1"]
[WhiteElo "1881"]
[BlackElo "1942"]
[PlyCount "58"]
[GameId "2148900721152435"]
[EventDate "2025.01.25"]
[WhiteTeam "Dr. Azua"]
[BlackTeam "MyInvestor Casablanca C"]

1. d4 Nf6 2. c4 g6 3. Nc3 Bg7 4. e4 d6 5. Nf3 O-O 6. h3 e5 7. d5 a5 8. Bg5 Na6 9. g4 Nc5 10. Qc2 c6 11. O-O-O a4 12. Be3 cxd5 13. Bxc5 dxc5 14. Nxd5 Nxd5 15. Rxd5 Qb6 16. a3 Be6 17. Rd1 Qa5 18. Be2 b5 19. Rd6 b4 20. Rhd1 bxa3 21. bxa3 Rab8 22. Qd2 Qc7 23. Qa2 Rb3 24. R6d2 Rfb8 25. Bd3 Qa5 26. Rc2 Rc3 27. Rxc3 Qxc3+ 28. Qc2 Qxa3+ 29. Kd2 Rb2 0-1

[Event "Campeonato de Aragon por Equipos 2025 - "]
[Site "?"]
[Date "2025.02.22"]
[Round "5.65"]
[White "Sanjulian Arruga, Pablo"]
[Black "Cajo Esteban, Ruben"]
[Result "1/2-1/2"]
[WhiteElo "1935"]
[BlackElo "1867"]
[PlyCount "140"]
[GameId "2148900721189300"]
[EventDate "2025.01.25"]
[WhiteTeam "MyInvestor Casablanca C"]
[BlackTeam "Dr. Azua"]

1. c4 e5 2. Nc3 d6 3. g3 Be6 4. Bg2 Nc6 5. b4 Qc8 6. b5 Nd8 7. d3 Ne7 8. Bb2 g6 9. Nd5 Nxd5 10. cxd5 Bd7 11. Qb3 a6 12. b6 c5 13. Nf3 Bg7 14. Nd2 f5 15. h4 O-O 16. h5 g5 17. h6 Bf6 18. Nc4 Nf7 19. f4 Re8 20. Rh5 Qd8 21. a4 Qe7 22. Qc3 exf4 23. Qd2 fxg3 24. O-O-O f4 25. Be4 Bg4 26. Rhh1 Bxb2+ 27. Qxb2 Ne5 28. Na5 Rab8 29. Rdf1 Qd7 30. Rhg1 Qxa4 31. e3 Rf8 32. exf4 gxf4 33. Qc3 Qd4 34. Qxd4 cxd4 35. Nb3 Rbc8+ 36. Kd2 Rf6 37. Nxd4 Rcf8 38. Ne6 Bxe6 39. dxe6 Ng4 40. Bxb7 Nxh6 41. Bd5 Kg7 42. Rc1 Ng8 43. b7 Rb8 44. Rc8 Rf8 45. Rgc1 Ne7 46. R8c7 Kf6 47. Rxe7 Kxe7 48. Rc7+ Kf6 49. Rxh7 f3 50. Bxf3 Kxe6 51. Ke3 Ke5 52. Rh5+ Kf6 53. Bd5 Rfe8+ 54. Kf3 Re5 55. Rh6+ Ke7 56. Rh7+ Kd8 57. Bc6 Re7 58. Rh1 Rbxb7 59. Bxb7 Rxb7 60. Kxg3 Kc7 61. Kf4 Kc6 62. Rc1+ Kd5 63. Ra1 Ra7 64. Ke3 a5 65. Ra4 Kc5 66. Kd2 Kb5 67. Rd4 Ra6 68. Kc3 a4 69. Kb2 Rc6 70. Rd5+ Kb4 1/2-1/2

[Event "Campeonato de Aragon por Equipos 2025 - "]
[Site "?"]
[Date "2025.02.22"]
[Round "5.66"]
[White "De Francisco Torres, Javier"]
[Black "Alvarez Gonzalo, Miguel Angel"]
[Result "0-1"]
[WhiteElo "1537"]
[BlackElo "1808"]
[PlyCount "74"]
[GameId "2148900721283509"]
[EventDate "2025.01.25"]
[WhiteTeam "Dr. Azua"]
[BlackTeam "MyInvestor Casablanca C"]

1. e4 c5 2. Nf3 d6 3. d4 cxd4 4. Nxd4 Nf6 5. Nc3 a6 6. f3 e5 7. Nb3 Be6 8. Be3 Nbd7 9. Qd2 Be7 10. Be2 O-O 11. O-O-O b5 12. a3 Nb6 13. g4 Nc4 14. Bxc4 bxc4 15. Na1 Nd7 16. h4 Qc7 17. Qg2 Nc5 18. h5 Rfb8 19. Nd5 Bxd5 20. exd5 Qb6 21. Bxc5 Qxb2+ 22. Kd2 dxc5 23. Ke2 Bd6 24. g5 Ra7 25. g6 h6 26. gxf7+ Rxf7 27. Qg6 Rf6 28. Qe4 Qxa3 29. Rhg1 Rb7 30. Rg6 Rbf7 31. Rxf6 Rxf6 32. Rg1 Bf8 33. Rf1 Qc3 34. Rd1 Rf4 35. Qe3 Qxe3+ 36. Kxe3 Bd6 37. Rh1 Rd4 0-1

[Event "Campeonato de Aragon por Equipos 2025 - "]
[Site "?"]
[Date "2025.03.01"]
[Round "6.1"]
[White "Adla, Diego"]
[Black "Chueca Forcen, Alberto"]
[Result "0-1"]
[WhiteElo "2390"]
[BlackElo "2270"]
[PlyCount "60"]
[GameId "2152100656095410"]
[EventDate "2025.01.25"]
[WhiteTeam "MyInvestor Casablanca A"]
[BlackTeam "Teruel"]

1. e4 e5 2. Nf3 Nc6 3. Bb5 a6 4. Ba4 Nf6 5. d4 exd4 6. O-O Nxe4 7. Re1 d5 8. Nxd4 Bd6 9. Nxc6 Bxh2+ 10. Kf1 Qh4 11. Rxe4+ dxe4 12. Qd5 O-O 13. Bg5 bxc6 14. Bxc6 Qg4 15. Nc3 Be6 16. Qxe4 Bc4+ 17. Ke1 Rae8 18. Bxe8 Qxe4+ 19. Nxe4 Rxe8 20. Kd2 Rxe4 21. g3 Re2+ 22. Kc3 Bb5 23. a4 Bc6 24. Be3 Be4 25. Rc1 h5 26. Kd4 f5 27. c3 Rxb2 28. Ke5 h4 29. Kf4 hxg3 30. fxg3 Rg2 0-1

[Event "Campeonato de Aragon por Equipos 2025 - "]
[Site "?"]
[Date "2025.03.01"]
[Round "6.2"]
[White "Cabrera Moreno, Daniel"]
[Black "Glavina, Pablo"]
[Result "0-1"]
[WhiteElo "2132"]
[BlackElo "2359"]
[PlyCount "88"]
[GameId "2152100656238771"]
[EventDate "2025.01.25"]
[WhiteTeam "Teruel"]
[BlackTeam "MyInvestor Casablanca A"]

1. d4 d5 2. Nc3 Nf6 3. Bf4 a6 4. e3 b5 5. a3 Bb7 6. Nf3 e6 7. Ne5 Nbd7 8. Qf3 c5 9. Bd3 Qb6 10. O-O cxd4 11. exd4 Qxd4 12. Rfe1 Nxe5 13. Bxe5 Qg4 14. Qxg4 Nxg4 15. Bd4 Nf6 16. f4 O-O-O 17. a4 b4 18. Ne2 Ne4 19. c3 Kb8 20. cxb4 Bxb4 21. Bxg7 Bxe1 22. Bxh8 Bf2+ 23. Kf1 Rxh8 24. Bxe4 Be3 25. Bf3 Rc8 26. Ra3 Bd2 27. Rb3 Rc2 28. g3 Kc7 29. Nd4 Rc4 30. Rd3 Ba5 31. b3 Rc1+ 32. Kg2 Kd6 33. Bh5 f6 34. Bf7 e5 35. Nf5+ Kc5 36. Kh3 d4 37. b4+ Bxb4 38. Kg4 Bc8 39. fxe5 fxe5 40. Kg5 Bc3 41. Bh5 e4 42. Rd1 Rxd1 43. Bxd1 d3 44. Ne7 e3 0-1

[Event "Campeonato de Aragon por Equipos 2025 - "]
[Site "?"]
[Date "2025.03.01"]
[Round "6.3"]
[White "Vela Frago, Alberto"]
[Black "Dominguez Bujeda, Jesus"]
[Result "1-0"]
[WhiteElo "2256"]
[BlackElo "2059"]
[PlyCount "31"]
[GameId "2152100656365748"]
[EventDate "2025.01.25"]
[WhiteTeam "MyInvestor Casablanca A"]
[BlackTeam "Teruel"]

1. e4 c5 2. Nf3 g6 3. c4 Bg7 4. d4 cxd4 5. Nxd4 Nc6 6. Be3 Nf6 7. Nc3 Ng4 8. Qxg4 Nxd4 9. Qd1 Ne6 10. Rc1 Qa5 11. f4 b6 12. Bd3 Bb7 13. O-O Nc5 14. Bb1 Bxc3 15. Rxc3 Nxe4 16. Bxe4 1-0

[Event "Campeonato de Aragon por Equipos 2025 - "]
[Site "?"]
[Date "2025.03.01"]
[Round "6.4"]
[White "Navarro Remon, Mario"]
[Black "Chueca Lorente, Javier"]
[Result "0-1"]
[WhiteElo "1919"]
[BlackElo "2180"]
[PlyCount "46"]
[GameId "2152100656406709"]
[EventDate "2025.01.25"]
[WhiteTeam "Teruel"]
[BlackTeam "MyInvestor Casablanca A"]

1. d4 d5 2. Nf3 c6 3. Bf4 Qb6 4. Qc1 Nf6 5. e3 Bf5 6. Nh4 Bg6 7. Nxg6 hxg6 8. h3 e6 9. Bd3 Nbd7 10. O-O c5 11. c3 Bd6 12. Bxd6 Qxd6 13. f4 c4 14. Bc2 O-O-O 15. Nd2 g5 16. fxg5 Rxh3 17. gxf6 Qh2+ 18. Kf2 Nxf6 19. Ke1 Rxe3+ 20. Kd1 Qxg2 21. Ba4 Ne4 22. Kc2 Nxd2 23. Rg1 Qf2 0-1

[Event "Campeonato de Aragon por Equipos 2025 - "]
[Site "?"]
[Date "2025.03.01"]
[Round "6.5"]
[White "Baron Rodriguez, Jesus"]
[Black "Ruiz Fernandez, Daniel"]
[Result "1/2-1/2"]
[WhiteElo "2401"]
[BlackElo "2165"]
[PlyCount "70"]
[GameId "2152100656447670"]
[EventDate "2025.01.25"]
[WhiteTeam "Iberajedrez Mundo 64"]
[BlackTeam "MyInvestor Casablanca B"]

1. e4 e5 2. Nf3 Nc6 3. Bb5 a6 4. Bxc6 dxc6 5. O-O Bg4 6. h3 h5 7. d3 Qf6 8. Be3 Bxf3 9. Qxf3 Qxf3 10. gxf3 Bd6 11. Nd2 Ne7 12. Nc4 Ng6 13. Rfb1 Nh4 14. f4 exf4 15. Nxd6+ cxd6 16. Bxf4 Kd7 17. c3 Rae8 18. Bg3 Ng6 19. Kg2 Rhf8 20. Re1 f5 21. exf5 Rxe1 22. Rxe1 Rxf5 23. Re4 Ne7 24. h4 d5 25. Re1 Rf6 26. Be5 Re6 27. d4 c5 28. Kh3 Nc6 29. Rg1 g6 30. f4 cxd4 31. cxd4 Ne7 32. Rg3 Rb6 33. Rg2 Rc6 34. Rg3 Rc4 35. Bf6 Rc6 1/2-1/2

[Event "Campeonato de Aragon por Equipos 2025 - "]
[Site "?"]
[Date "2025.03.01"]
[Round "6.6"]
[White "Lorente Melcon, Maximo"]
[Black "Lopez Gracia, Fernando"]
[Result "1/2-1/2"]
[WhiteElo "2138"]
[BlackElo "2247"]
[PlyCount "114"]
[GameId "2152100656492727"]
[EventDate "2025.01.25"]
[WhiteTeam "MyInvestor Casablanca B"]
[BlackTeam "Iberajedrez Mundo 64"]

1. e4 c5 2. Nf3 e6 3. d3 Nc6 4. g3 Nf6 5. Bg2 d6 6. O-O Be7 7. c3 e5 8. a4 O-O 9. Na3 h6 10. Re1 Re8 11. h3 Bf8 12. Nc4 Be6 13. Qe2 a6 14. a5 Bxc4 15. dxc4 Nxa5 16. Rb1 Qc7 17. Nh4 g6 18. f4 exf4 19. gxf4 Bg7 20. Qd3 Re7 21. Be3 Rae8 22. Bf2 Nh5 23. Qf3 Nxc4 24. Re2 Nf6 25. Rbe1 Nxe4 26. Rxe4 Nd2 27. Qd3 Nxe4 28. Rxe4 Rxe4 29. Bxe4 Qe7 30. Bd5 Kf8 31. Qxg6 Qf6 32. Qg4 Kg8 33. Nf5 Kh7 34. Kf1 Bf8 35. Qh5 Qg6 36. Bxf7 Qxh5 37. Bxh5 Re4 38. Be3 b5 39. Ke2 Ra4 40. Kd3 Ra1 41. Ng3 a5 42. f5 Be7 43. Bg6+ Kg8 44. Ne4 Kg7 45. Be8 b4 46. cxb4 axb4 47. Bf4 Rb1 48. Kc2 Re1 49. Bc6 Re2+ 50. Kb3 c4+ 51. Kxc4 Rxb2 52. Bd5 b3 53. Nxd6 Rb1 54. Be5+ Kf8 55. Ne4 b2 56. Bxb2 Rxb2 57. f6 Rb4+ 1/2-1/2

[Event "Campeonato de Aragon por Equipos 2025 - "]
[Site "?"]
[Date "2025.03.01"]
[Round "6.7"]
[White "Villalba Embid, Marcos"]
[Black "Conon, Catalin"]
[Result "1/2-1/2"]
[WhiteElo "2192"]
[BlackElo "2072"]
[PlyCount "72"]
[GameId "2152100656533688"]
[EventDate "2025.01.25"]
[WhiteTeam "Iberajedrez Mundo 64"]
[BlackTeam "MyInvestor Casablanca B"]

1. d4 d5 2. c4 e6 3. Nc3 c5 4. cxd5 exd5 5. Nf3 Nc6 6. g3 cxd4 7. Nxd4 Bc5 8. Nb3 Bb4 9. Bg2 Nf6 10. O-O Bxc3 11. bxc3 O-O 12. Nd4 Re8 13. Bg5 Bg4 14. h3 Bh5 15. Re1 h6 16. Bxf6 Qxf6 17. Nxc6 bxc6 18. g4 Bg6 19. Qd4 Qe7 20. c4 Qb4 21. e3 dxc4 22. Rac1 Bd3 23. Bxc6 Red8 24. Qc3 Rab8 25. Qxb4 Rxb4 26. Red1 Rdb8 27. Bd5 Ra4 28. Rd2 Rb1 29. Rxb1 Bxb1 30. Rd4 Bxa2 31. Rf4 c3 32. Bxf7+ Kh8 33. Rxa4 c2 34. Rxa2 c1=Q+ 35. Kg2 Qc7 36. Bd5 a5 1/2-1/2

[Event "Campeonato de Aragon por Equipos 2025 - "]
[Site "?"]
[Date "2025.03.01"]
[Round "6.8"]
[White "Jaime Galeano, Alcher"]
[Black "Garcia Acin, Pablo"]
[Result "1/2-1/2"]
[WhiteElo "1967"]
[BlackElo "2069"]
[PlyCount "95"]
[GameId "2152100656566457"]
[EventDate "2025.01.25"]
[WhiteTeam "MyInvestor Casablanca B"]
[BlackTeam "Iberajedrez Mundo 64"]

1. e4 c5 2. Nf3 a6 3. d4 cxd4 4. Nxd4 Nf6 5. Nc3 e5 6. Nf3 Bb4 7. Bc4 d6 8. O-O Bxc3 9. bxc3 Qc7 10. Qd3 Nbd7 11. Rd1 O-O 12. Ba3 Nc5 13. Qxd6 Qxd6 14. Rxd6 Ncxe4 15. Nxe5 Nxd6 16. Bxd6 Ng4 17. Nxg4 Bxg4 18. Bxf8 Kxf8 19. Bd5 Rb8 20. Rb1 b5 21. f3 Bf5 22. Rb2 Ke7 23. Kf2 Rc8 24. Bb7 Rxc3 25. Bxa6 b4 26. Ke2 Bxc2 27. Rxb4 Bf5 28. Rb2 Be6 29. Bd3 Ra3 30. Bb1 Kf6 31. Kf2 h6 32. Re2 Rc3 33. Rb2 Ra3 34. Re2 Rc3 35. Kg3 g5 36. h4 Rc1 37. hxg5+ hxg5 38. Rb2 Rc3 39. Bc2 g4 40. Bb3 gxf3 41. gxf3 Kf5 42. Bxe6+ fxe6 43. Rb3 Rc2 44. a3 Ra2 45. Re3 e5 46. Rb3 Kg5 47. Re3 Kf5 48. Rb3 1/2-1/2

[Event "Campeonato de Aragon por Equipos 2025 - "]
[Site "?"]
[Date "2025.03.01"]
[Round "6.9"]
[White "Van Ojik, Mark"]
[Black "Forcen Esteban, Daniel"]
[Result "0-1"]
[WhiteElo "2257"]
[BlackElo "2541"]
[PlyCount "64"]
[GameId "2152100656599226"]
[EventDate "2025.01.25"]
[WhiteTeam "ONCE CA Aragon Delicias"]
[BlackTeam "Jaime Casas"]

1. e4 Nf6 2. Nc3 e5 3. Nf3 d6 4. d4 exd4 5. Nxd4 Be7 6. Bd3 O-O 7. O-O Re8 8. a4 Bf8 9. Bg5 c6 10. Qd2 h6 11. Bf4 Nbd7 12. Rfe1 a5 13. Bf1 Nc5 14. f3 Qb6 15. Rad1 Bd7 16. b3 Rad8 17. Kh1 Bc8 18. Bc4 Ncd7 19. Bg3 Ne5 20. Bf1 Ng6 21. Bf2 Qc7 22. Bc4 Ne5 23. Bf1 d5 24. exd5 Bb4 25. Bh4 g5 26. Bxg5 hxg5 27. Qxg5+ Ng6 28. Bc4 Rxe1+ 29. Rxe1 Kg7 30. Re3 Bxc3 31. Rxc3 cxd5 32. Nb5 dxc4 0-1

[Event "Campeonato de Aragon por Equipos 2025 - "]
[Site "?"]
[Date "2025.03.01"]
[Round "6.10"]
[White "Antoli Royo, Joaquin Miguel"]
[Black "Llanes Luno, Ricardo"]
[Result "1-0"]
[WhiteElo "2411"]
[BlackElo "2170"]
[PlyCount "81"]
[GameId "2152100656705723"]
[EventDate "2025.01.25"]
[WhiteTeam "Jaime Casas"]
[BlackTeam "ONCE CA Aragon Delicias"]

1. Nf3 d5 2. e3 Nf6 3. b3 g6 4. Bb2 Bg7 5. c4 e6 6. Be2 O-O 7. O-O c5 8. d4 cxd4 9. Nxd4 dxc4 10. Bxc4 a6 11. Nd2 Bd7 12. Be2 Nc6 13. N4f3 b5 14. Rc1 Qe7 15. a3 Rfd8 16. Rc2 Rac8 17. Qa1 Na5 18. Rcc1 Nc6 19. b4 h6 20. Nb3 Be8 21. h3 Nh5 22. Bxg7 Nxg7 23. Rc5 Nf5 24. Rfc1 Nd6 25. Ne5 Nxe5 26. Qxe5 f6 27. Qf4 g5 28. Qf3 Rxc5 29. Rxc5 f5 30. Nd4 Qf6 31. Bd3 Bg6 32. Qc6 e5 33. Nb3 e4 34. Bf1 f4 35. Nd4 fxe3 36. fxe3 Rf8 37. Qd5+ Rf7 38. Be2 Nc4 39. Bxc4 bxc4 40. Kh2 Qf2 41. Rc8+ 1-0

[Event "Campeonato de Aragon por Equipos 2025 - "]
[Site "?"]
[Date "2025.03.01"]
[Round "6.11"]
[White "Gavin Roche, Enrique"]
[Black "Ramiro Ovejero, Juan Luis"]
[Result "0-1"]
[WhiteElo "2145"]
[BlackElo "2315"]
[PlyCount "72"]
[GameId "2152100656742588"]
[EventDate "2025.01.25"]
[WhiteTeam "ONCE CA Aragon Delicias"]
[BlackTeam "Jaime Casas"]

1. d4 d5 2. c4 e6 3. Nc3 h6 4. Nf3 Nf6 5. a3 a6 6. e3 c5 7. dxc5 Bxc5 8. b4 Ba7 9. Bb2 O-O 10. Rc1 Qe7 11. Qb3 Rd8 12. Be2 dxc4 13. Qxc4 b5 14. Qh4 Bb7 15. g4 Nbd7 16. g5 Nh7 17. Ne4 Bxe4 18. Qxe4 Nxg5 19. Nxg5 Qxg5 20. h4 Qe7 21. Rg1 Nf6 22. Qf4 Kf8 23. Rc7 Bb8 24. Rxe7 Bxf4 25. Bxf6 gxf6 26. Rb7 Bd6 27. Bh5 Be7 28. Ke2 Rac8 29. Ra7 Rc2+ 30. Kf3 f5 31. Rg2 Rdd2 32. Ra8+ Bd8 33. Ra7 Bc7 34. Rxa6 e5 35. Ra8+ Ke7 36. Rg7 Rxf2+ 0-1

[Event "Campeonato de Aragon por Equipos 2025 - "]
[Site "?"]
[Date "2025.03.01"]
[Round "6.12"]
[White "Gimenez Martinez, Alberto"]
[Black "Laliena Solanes, Luis"]
[Result "1/2-1/2"]
[WhiteElo "2117"]
[BlackElo "2096"]
[PlyCount "86"]
[GameId "2152100656779453"]
[EventDate "2025.01.25"]
[WhiteTeam "Jaime Casas"]
[BlackTeam "ONCE CA Aragon Delicias"]

1. e4 c5 2. Nc3 Nc6 3. g3 g6 4. Bg2 Bg7 5. f4 e6 6. Nf3 Nge7 7. O-O O-O 8. d3 d5 9. e5 a6 10. a4 Rb8 11. Ne2 b5 12. axb5 axb5 13. c3 Bd7 14. Be3 c4 15. b4 cxb3 16. Qxb3 Qc7 17. Bc5 Rfc8 18. Bd6 Qb6+ 19. d4 Rb7 20. Bc5 Qc7 21. Qa3 Nf5 22. Kf2 Bf8 23. g4 Ng7 24. Rfb1 Ra7 25. Qb2 Bxc5 26. dxc5 Na5 27. Nfd4 Qxc5 28. Qb4 Qb6 29. Kg3 Nc4 30. Rxa7 Qxa7 31. Bf3 Qa2 32. Qb3 Qxb3 33. Rxb3 Rb8 34. Nc1 Ne8 35. Nd3 Nc7 36. Nc5 Be8 37. Be2 Nd2 38. Rb2 Nc4 39. Bxc4 dxc4 40. Ne4 Nd5 41. Kf3 Bd7 42. Nf6+ Nxf6 43. exf6 Ra8 1/2-1/2

[Event "Campeonato de Aragon por Equipos 2025 - "]
[Site "?"]
[Date "2025.03.01"]
[Round "6.13"]
[White "Del Rey, Diego"]
[Black "Cifuentes Parada, Roberto"]
[Result "0-1"]
[WhiteElo "2275"]
[BlackElo "2369"]
[PlyCount "62"]
[GameId "2152100656881854"]
[EventDate "2025.01.25"]
[WhiteTeam "El Olivar"]
[BlackTeam "Jaque - Aramovil"]

1. d4 d5 2. c4 dxc4 3. e4 e5 4. Nf3 Bb4+ 5. Bd2 Bxd2+ 6. Qxd2 exd4 7. Qxd4 Nf6 8. Qxd8+ Kxd8 9. Nc3 Be6 10. Nd4 Ke7 11. Nxe6 fxe6 12. Bxc4 Nc6 13. O-O Rad8 14. Rfd1 g5 15. f3 a6 16. Rac1 Rxd1+ 17. Rxd1 Ne5 18. Be2 c5 19. a4 h5 20. Kf2 h4 21. Ke3 Nh5 22. Rc1 Nf4 23. Bf1 Rd8 24. Rd1 Rf8 25. b3 h3 26. gxh3 Nxh3 27. Be2 Nf4 28. Rf1 Rh8 29. Rf2 Rh3 30. Kd2 Nxe2 31. Kxe2 g4 0-1

[Event "Campeonato de Aragon por Equipos 2025 - "]
[Site "?"]
[Date "2025.03.01"]
[Round "6.14"]
[White "Lana Rodriguez, David"]
[Black "Galstyan, David"]
[Result "1/2-1/2"]
[WhiteElo "2352"]
[BlackElo "2279"]
[PlyCount "134"]
[GameId "2152100656935103"]
[EventDate "2025.01.25"]
[WhiteTeam "Jaque - Aramovil"]
[BlackTeam "El Olivar"]

1. d4 e6 2. e4 d5 3. Bd3 dxe4 4. Bxe4 Nf6 5. Bf3 Bd6 6. Nc3 O-O 7. Bg5 c6 8. Qd2 Nbd7 9. Nge2 Be7 10. O-O-O Nd5 11. h4 f6 12. Bf4 b5 13. Bxd5 exd5 14. Ng3 b4 15. Nb1 Nb6 16. Qd3 Bd6 17. Bxd6 Qxd6 18. Nd2 a5 19. Nf5 Bxf5 20. Qxf5 a4 21. Rde1 Rae8 22. Re3 Rxe3 23. fxe3 c5 24. dxc5 Qxc5 25. Qd3 Rc8 26. Rd1 a3 27. b3 Qe7 28. Qd4 Qc7 29. Qd3 Qe5 30. Qd4 Rc3 31. Qxb4 Rd3 32. Qxa3 Qa1+ 33. Nb1 Rxd1+ 34. Kxd1 Qxb1+ 35. Kd2 Qf1 36. Qe7 Qb5 37. a4 Qc6 38. a5 Nc8 39. Qd8+ Kf7 40. a6 Qxa6 41. Qxd5+ Qe6 42. Qh5+ Kg8 43. c4 Nd6 44. Qf3 Ne4+ 45. Kc2 Qe5 46. Qd1 Qc3+ 47. Kb1 Nd2+ 48. Ka2 Qxe3 49. c5 h6 50. Qc2 Ne4 51. c6 Qa7+ 52. Kb2 Nc5 53. Qc4+ Kh8 54. b4 Na4+ 55. Kb3 Nb6 56. Qc5 Qc7 57. b5 Qg3+ 58. Kb4 Qe1+ 59. Kb3 Qb1+ 60. Ka3 Qa1+ 61. Kb3 Qb1+ 62. Ka3 Qd3+ 63. Kb4 Qd2+ 64. Kb3 Qd3+ 65. Kb4 Qd2+ 66. Kb3 Qd3+ 67. Kb4 Qd2+ 1/2-1/2